A step-by-step Maths problem solving guide 3 : Indices, graph of functions, statistics ii, ratio, rates and proportions ii (book 3)

Bibliographic Details
Main Author: Lena Abdullah
Corporate Author: Title
Other Authors: Lai, Magdalene
Format: Book
Published: Kuala Lumpur : Jade Green Publications , 2006
Subjects:

MARC

LEADER 00000cam a2200000 7i4500
001 0000006122
005 20160330.0
008 070814
020 |a 9831980735 
090 0 0 |a 510   |b LEN 
100 0 |a Lena Abdullah 
245 1 2 |a A step-by-step Maths problem solving guide 3 :   |b Indices, graph of functions, statistics ii, ratio, rates and proportions ii (book 3)   |c Lena Abdullah and Magdalene Lai 
260 |a Kuala Lumpur :   |b Jade Green Publications ,   |c 2006 
500 |a Teenager ages 13-18 years old (blue) 
650 0 |a Mathematics   |x problems,exercises 
650 0 |a Mathematics   |x study and teaching (secondary) 
700 1 |a Lai, Magdalene 
710 0 |a Title 
999 |a 0000982320   |b Book   |c Teenagers   |e Perbadanan Perpustakaan Awam Johor 
999 |a 0000982322   |b Book   |c Teenagers   |e Perbadanan Perpustakaan Awam Johor 
999 |a 0001044407   |b Book   |c Teenagers   |e Cawangan Bandar Penawar